000 00635nam a22002057a 4500
005 20251108173709.0
008 250721s2003 xx 000 0 ara d
082 1 4 _aط/ق/حلب
100 1 _aحلبي، سمير
245 1 0 _aعجل بني إسرائيل و قصص أخرى /
264 1 _aالقاهرة :
_bسفير،
_c2003.
300 _a16ص.
490 0 _aقصص من السماء
650 1 7 _aالقصص العربيه
650 1 7 _aادب الاطفال
653 _aاطفال مرحله متوسطه (6-9)سنوات
700 1 _aمحي الدين، رأفت
_eرسام
942 _2ddc
_cBK
999 _c110226
_d110226